| 000 | 00498 a2200145 4500 | ||
|---|---|---|---|
| 082 | _aBICSE-6 | ||
| 100 | _aQurat ul Ain | ||
| 245 |
_aMicrowave Calculator _cQurat ul Ain |
||
| 260 |
_aIslamabad _bNUST School of Electrical Engineering and Computer Science _c2012 |
||
| 300 |
_a60p. _b:ill. _c:27cm.+ _eCD-ROM |
||
| 500 | _aSupervisors: Mr. Yasir Iqbal, Mr. Ahsan Azhar | ||
| 700 |
_aMaria Arif _993203 |
||
| 856 | _uhttp://10.250.8.41:8080/xmlui/handle/123456789/29485 | ||
| 942 |
_cPR _kBICSE-6 QUR _2ddc |
||
| 999 |
_c11291 _d11291 |
||